000 00640nam a2200253Ia 4500
001 Z_80
003 CHAP
005 20220929174036.0
008 220113s19XX xx 000 0 und d
010 _a163048
040 _cCHAP
090 _aFolleto 106
100 _aGalván Castillo, Natividad
_944509
245 _aZacate rye grass /
_cpor Natividad Galván Castillo
260 _a[s.l.] :
_b[s.n.],
_c19XX
300 _ap.15-20
650 _aLolium perenne I. t.
_9137272
650 _aPastos forrajeros
_986094
901 _aFolleto 106
902 _aA
910 _a19XX
942 _cFOLL
_2local
942 _cFOLL
_2local
999 _c163048
_d163048